Miradas a lo educativo : exploraciones en los límites /

Este libro se escribió pensando en los educadores, tanto maestros como directivos. Pretende ser una ayuda en el proceso de la elaboración del proyecto educativo de la institución escolar, el cual es aplicable -ya sea en su totalidad o en partes- en los niveles de educación primaria, secundaria y a n...

Full description

Bibliographic Details
Corporate Author: Seminario de Análisis de Discurso Educativo
Other Authors: Granja Castro, Josefina (comp.)
Format: Libro
Language:Spanish
Published: México Plaza y Valdés 2003
Edition:1a. ed.
Subjects:
Online Access:

MARC

LEADER 00000cam a2200000 a 4500
001 014408
003 UAHC_CL
005 20170803121130.0
008 100204s2003 mx 000 spa
020 |a 9707221852 
040 |a UAHC_CL  |c UAHC_CL  |d UAHC_CL 
082 0 4 |a 370.19  |b M671  |2 20 
245 1 0 |a Miradas a lo educativo :  |b exploraciones en los límites /  |c Josefina Granja Castro (compiladora). 
250 |a 1a. ed. 
260 |b Plaza y Valdés  |a México  |c 2003 
300 |a 251 p. 
520 |a Este libro se escribió pensando en los educadores, tanto maestros como directivos. Pretende ser una ayuda en el proceso de la elaboración del proyecto educativo de la institución escolar, el cual es aplicable -ya sea en su totalidad o en partes- en los niveles de educación primaria, secundaria y a nivel medio superior. 
650 4 |a FILOSOFIA DE LA EDUCACION 
650 4 |a EDUCACION  |x ASPECTOS SOCIALES 
700 1 |a Granja Castro, Josefina  |e comp. 
710 1 |a Seminario de Análisis de Discurso Educativo 
900 |a 370.19 MIR 
942 |c BK 
952 |0 0  |1 0  |4 0  |6 370_190000000000000_MIR  |7 0  |8 General  |9 28866  |a BC  |b BC  |c General  |d 2017-08-03  |o 370.19 MIR  |p 1377034  |r 2026-01-13 00:00:00  |t 1  |w 2017-08-03  |y BK 
999 |c 14408  |d 14408